00718nam a2200229Ia 4500003000400000005001700004008004100021020001300062040000700075041000800082082001600090100002900106245005500135260003700190300000700227365001300234650002500247906005700272942001200329999001900341952012800360OSt20230503112822.0210423s2004 xx 000 0 und d a70532265 cAL aeng a660.62 SRIM aSRINIVASAN (M C).996856 aPractical mycology for industrial microbiologists. aNew DelhibTata McGrawhillc2004 bPB b395cINR aBiotechnology996857 aindustrial ; microbiologists. ; mycology ; Practical 2ddccBK c163062d163062 001040708BTaSACPGbSACPGd2004-08-03eBook Worldg395.00l0o660.62 SRIMpPG009557r2022-08-24 00:00:00w2021-04-26yBK